Statistics for 0501-由利高原鉄道の駅

Click here to take the quiz!

General Stats

  • This quiz has been taken 16 times
  • The average score is 7 of 12

Answer Stats

本線% Correct
羽後本荘
100%
矢島
90%
黒沢
60%
前郷
60%
薬師堂
50%
子吉
50%
鮎川
50%
曲沢
50%
久保田
50%
西滝沢
50%
吉沢
50%
川辺
50%

Score Distribution

Percentile by Number Answered

Percent of People with Each Score

Your Score History

You have not taken this quiz